Géographie - Lettre B - Statistiques

Statistiques générales
  • Ce quiz a été pris 631 fois
  • Le résultat moyen est 8 sur 13
Statistiques - réponses
Élément de réponse Réponse % Correct
Pays limitrophe de l'Inde Bangladesh, Bhoutan, Birmanie
90%
Golfe, mais également tigre (du ...) Bengale
89%
Ville du Nord-Est des États-Unis, dont l'équipe de basketball est surnommée les Celtics Boston
85%
Triangle non illuminati mais également très mystérieux Bermudes
79%
Meilleure région de France (sans aucune subjectivité) Bretagne, Bourgogne-Franche-Comté
79%
Détroit relativement froid Béring
77%
Capitale d'Azerbaïdjan Bakou
65%
Lac sibérien Baïkal
59%
Petit pays de capitale Manama à environ 5 500 km de Paris Bahreïn
54%
Empire disparu (Empire ...) Byzantin
47%
Mer au Nord de la Russie (de ...) Barents
14%
Arsenal le plus connu de toute l'histoire de France Bastille
9%
Gentilé de Bourg-en-Bresse Burgien, Burgienne
7%
Aucun quiz correspondant
Distribution des résultats
% des personnes avec chaque résultat
Percentile par nombre de réponses
Votre historique - résultats
Vous n’avez pas pris ce quiz